| 000 | 00777cam a2200241 a 4500 | ||
|---|---|---|---|
| 001 | 674137 | ||
| 005 | 20180213040941.0 | ||
| 008 | 951222s1996 pau b 001 0 eng | ||
| 010 | _a 95053678 | ||
| 020 | _a1882606574 | ||
| 040 |
_aDLC _cDLC _dDLC |
||
| 041 | _aeng | ||
| 080 | _a616.83 HAY | ||
| 082 | 0 | 0 |
_a616.83 HAY _220 |
| 100 | 1 | _a7 | |
| 101 | _aNEU | ||
| 245 | 1 | 0 |
_aAlzheimer's & dementia : _cby Jennifer Hay. |
| 246 | 3 | _aAlzheimer's and dementia | |
| 504 | _aIncludes bibliographical references (p. 183-184) and index. | ||
| 906 |
_a7 _bcbc _corignew _d1 _eocip _f19 _gy-gencatlg |
||
| 942 |
_2ddc _cBK |
||
| 999 |
_c42358 _d42358 |
||